Score 0/71 Timer 10:00
4 Plays Today
Age Player % Correct
16Wayne Rooney
93.4%
17Wayne Rooney
93.4%
23Wayne Rooney
93.4%
25Wayne Rooney
93.4%
23Alan Shearer
84.6%
24Alan Shearer
84.6%
25Alan Shearer
84.6%
31Alan Shearer
84.6%
33Alan Shearer
84.6%
26Thierry Henry
80.5%
27Thierry Henry
80.5%
28Thierry Henry
80.5%
24Harry Kane
79.2%
21Michael Owen, Christian Benteke, and Michael Bridges
79.1%
16Michael Owen and James Vaughan
78.8%
17Michael Owen
78.6%
18Michael Owen
78.6%
22Michael Owen
78.6%
20Michael Owen and Ayegbeni Yakubu
78.3%
21Harry Kane
76%
22Harry Kane
76%
23Harry Kane
76%
25Mohamed Salah
74.6%
35Alan Shearer and Teddy Sheringham
74.6%
32Jamie Vardy
74.1%
21Andy Cole
73.5%
22Cristiano Ronaldo
73%
31Frank Lampard
72.5%
34Frank Lampard
72.1%
31Didier Drogba
69.1%
34Teddy Sheringham
68.1%
36Teddy Sheringham
68.1%
37Teddy Sheringham
68.1%
39Teddy Sheringham
68.1%
40Teddy Sheringham
68.1%
27Sadio Mané and Danny Ings
68%
Age Player % Correct
28Robin van Persie
64.7%
38Ryan Giggs
64.3%
29Robin van Persie
64.3%
18Robbie Fowler
62%
19Robbie Fowler
62%
20Robbie Fowler
62%
18Jermain Defoe and Emile Heskey
60.6%
26Luis Suarez
59.9%
35Glenn Murray
57.8%
19Romelu Lukaku
51.1%
30Pierre-Emerick Aubameyang
47.1%
29Ian Wright
45.7%
32Ian Wright
45.7%
27Les Ferdinand
43.9%
28Les Ferdinand
43.9%
36Les Ferdinand
43.9%
26Kevin Phillips
41.5%
19Nicolas Anelka
40.2%
33Glen Murray
40.1%
30Jamie Vardy
37%
16James Milner
34.9%
35Zlatan Ibrahimovic
32.5%
29Jimmy Floyd Hasselbaink
31.8%
20Chris Sutton
30.7%
17Mason Greenwood
29%
24Matt Le Tissier
27%
36Gianfranco Zola
25.6%
30Jurgen Klinsmann
12.4%
32Peter Beardsley
9.8%
33Peter Beardsley
9.8%
34Tony Cottee
5.5%
37Graham Alexander
4.7%
38Stuart Pearce
3.4%
37Tugay Kerimoğlu
2.8%
38Tugay Kerimoğlu
2.8%
Remove Ads.
Support Sporcle.
Get the best of Sporcle when you Go Orange. This ad-free experience offers more features, more stats, and more fun while also helping to support Sporcle. Thank you for becoming a member.

You're not logged in!

Compare scores with friends on all Sporcle quizzes.
OR
Log In

Show Comments

Extras

Top Quizzes Today


Score Distribution

Your Account Isn't Verified!

In order to create a playlist on Sporcle, you need to verify the email address you used during registration. Go to your Sporcle Settings to finish the process.

Report this User

Report this user for behavior that violates our Community Guidelines.

Details: